[Event "Ruhrgebiet Regionalliga 1819"]
[Site "Nordrheinwestfalen"]
[Date "2019.02.10"]
[Round "7.5"]
[White "Rumpf, Thomas"]
[Black "Dreier, Daniel"]
[Result "1-0"]
[WhiteElo "2014"]
[BlackElo "1893"]
[PlyCount "51"]
[EventDate "2018.09.02"]
[EventType "team-tourn"]
[EventRounds "11"]
[EventCountry "GER"]
[SourceTitle "EXT 2022"]
[Source "ChessBase"]
[SourceDate "2021.10.06"]
[SourceVersion "1"]
[SourceVersionDate "2021.10.06"]
[SourceQuality "1"]
[WhiteTeam "Kamen SV"]
[BlackTeam "Eichlinghofen SV"]
[WhiteTeamCountry "GER"]
[BlackTeamCountry "GER"]

1. e4 e5 2. Nf3 d5 3. exd5 Bd6 4. d4 e4 5. Ne5 Nf6 6. Bb5+ c6 7. dxc6 bxc6 8. Be2 Bxe5 9. dxe5 Qa5+ 10. Nc3 Qxe5 11. Be3 0-0 12. Qd4 Qa5 13. 0-0-0 Nbd7 14. h3 Rb8 15. g4 c5 16. Qa4 Qb6 17. Qa3 Qc6 18. g5 Ne8 19. Bf4 Nc7 20. h4 Re8 21. h5 Nf8 22. h6 g6 23. Bxc7 Qxc7 24. Nd5 Qe5 25. Nf6+ Kh8 26. Nxe8 1-0

[Event "Ruhrgebiet Verbandsliga Gruppe 1 1718"]
[Site "Germany"]
[Date "2017.12.03"]
[Round "4.4"]
[White "Sondermann, Dirk"]
[Black "Dreier, Daniel"]
[Result "1-0"]
[WhiteElo "1816"]
[BlackElo "1958"]
[PlyCount "69"]
[EventDate "2017.09.17"]
[EventType "team-tourn"]
[EventRounds "9"]
[EventCountry "GER"]
[SourceTitle "EXT 2022"]
[Source "ChessBase"]
[SourceDate "2021.10.06"]
[SourceVersion "1"]
[SourceVersionDate "2021.10.06"]
[SourceQuality "1"]
[WhiteTeam "Annen Sport Union"]
[BlackTeam "Eichlinghofen SV"]
[WhiteTeamCountry "GER"]
[BlackTeamCountry "GER"]

1. d4 Nf6 2. Nf3 d6 3. c4 e5 4. dxe5 Ne4 5. Nbd2 Bf5 6. e3 Nc6 7. Be2 g5 8. 0-0 Be7 9. Nxe4 Bxe4 10. Nd2 Bf5 11. exd6 Bxd6 12. e4 Be6 13. Nf3 Rg8 14. Be3 Qe7 15. Qa4 Bd7 16. Qb3 g4 17. Nd2 0-0-0 18. c5 Bxc5 19. Rfd1 Nd4 20. Bxd4 Bxd4 21. Rf1 Rg6 22. g3 h5 23. h4 gxh3 24. Bxh5 Rg5 25. Bxf7 Qe5 26. Kh2 Bg4 27. Bd5 Rxd5 28. exd5 Qe2 29. Qb4 Bxf2 30. Qf8+ Kd7 31. Rxf2 Rf5 32. Qg7+ Ke8 33. Rxe2+ Bxe2 34. Qg6+ Rf7 35. Re1 1-0

[Event "Ruhrgebiet Verbandsliga Gruppe 1 1617"]
[Site "Germany"]
[Date "2016.10.30"]
[Round "3.5"]
[White "Schaper, Steffen"]
[Black "Dreier, Daniel"]
[Result "0-1"]
[WhiteElo "1976"]
[BlackElo "1896"]
[PlyCount "72"]
[EventDate "2016.09.04"]
[EventType "team-tourn"]
[EventRounds "9"]
[EventCountry "GER"]
[SourceTitle "EXT 2022"]
[Source "ChessBase"]
[SourceDate "2021.10.06"]
[SourceVersion "1"]
[SourceVersionDate "2021.10.06"]
[SourceQuality "1"]
[WhiteTeam "Bochum-Linden"]
[BlackTeam "Eichlinghofen SV"]
[WhiteTeamCountry "GER"]
[BlackTeamCountry "GER"]

1. e4 e5 2. Nf3 d5 3. Nc3 d4 4. Ne2 Nc6 5. Ng3 Bd6 6. c3 Nf6 7. Bb5 Bd7 8. 0-0 0-0 9. d3 dxc3 10. bxc3 Ne8 11. Re1 a6 12. Bxc6 Bxc6 13. d4 exd4 14. cxd4 Bxg3 15. hxg3 Nd6 16. d5 Bd7 17. e5 Nf5 18. Qc2 Ne7 19. Ba3 Bf5 20. Qb3 Re8 21. d6 cxd6 22. exd6 Ng6 23. Qxb7 Rb8 24. Qxa6 Ra8 25. Qb5 Bd7 26. Qc5 Rxe1+ 27. Rxe1 Ra5 28. Qc3 h6 29. Bb2 f6 30. Nd4 Ne5 31. f4 Ng4 32. Qb3+ Kh8 33. Re7 Be8 34. Ne6 Qa8 35. Rc7 Qa7+ 36. Kh1 Rh5# 0-1

[Event "Ruhrgebiet Verbandsklasse Gruppe 2 1516"]
[Site "Germany"]
[Date "2016.04.24"]
[Round "9.6"]
[White "Dreier, Daniel"]
[Black "Konietzka, Bernd"]
[Result "1-0"]
[WhiteElo "1887"]
[BlackElo "1912"]
[PlyCount "119"]
[EventDate "2015.09.06"]
[EventType "team-tourn"]
[EventRounds "9"]
[EventCountry "GER"]
[SourceTitle "EXT 2022"]
[Source "ChessBase"]
[SourceDate "2021.10.06"]
[SourceVersion "1"]
[SourceVersionDate "2021.10.06"]
[SourceQuality "1"]
[WhiteTeam "Eichlinghofen SV"]
[BlackTeam "Horst Emscher II"]
[WhiteTeamCountry "GER"]
[BlackTeamCountry "GER"]

1. e4 c5 2. d4 cxd4 3. c3 d3 4. Bxd3 d6 5. f4 Nc6 6. Nf3 Nf6 7. 0-0 Qb6+ 8. Kh1 Bg4 9. Qe2 e6 10. Nbd2 Be7 11. Nc4 Qc7 12. Ne3 Bxf3 13. Qxf3 a6 14. a4 0-0 15. g4 g6 16. b4 Rad8 17. Bb2 Qc8 18. g5 Nd7 19. h4 f6 20. Qh3 e5 21. Nd5 Nb6 22. Qxc8 Nxc8 23. b5 Nb8 24. Bc4 Kg7 25. Nc7 axb5 26. axb5 Nd7 27. Ne6+ Kh8 28. Nxd8 Rxd8 29. Bd5 Nc5 30. fxe5 fxe5 31. Rf3 Nb6 32. Ba3 Nxd5 33. Bxc5 Nf4 34. Be3 Ne6 35. Rf7 Re8 36. Ra7 Kg8 37. Rf1 Rb8 38. Rfa1 Kf7 39. b6 Nd8 40. Ra8 Rxa8 41. Rxa8 Ke6 42. Kg2 Kd7 43. Kf3 Ke6 44. Kg4 Kd7 45. Ra2 Ke6 46. h5 Nf7 47. Rh2 d5 48. hxg6 hxg6 49. Rh7 dxe4 50. Rg7 Nd6 51. Rxg6+ Kf7 52. Rh6 Nc4 53. Bf2 e3 54. Bg3 e4 55. Kh5 e2 56. g6+ Kf8 57. Rh8+ Kg7 58. Rh7+ Kf8 59. Kh6 Ne5 60. Rh8# 1-0

[Event "Ruhrgebiet Verbandsklasse Gruppe 2 1516"]
[Site "Germany"]
[Date "2015.12.20"]
[Round "5.6"]
[White "Dreier, Daniel"]
[Black "Kasten, Jorst"]
[Result "1/2-1/2"]
[WhiteElo "1887"]
[BlackElo "1684"]
[PlyCount "54"]
[EventDate "2015.09.06"]
[EventType "team-tourn"]
[EventRounds "9"]
[EventCountry "GER"]
[SourceTitle "EXT 2022"]
[Source "ChessBase"]
[SourceDate "2021.10.06"]
[SourceVersion "1"]
[SourceVersionDate "2021.10.06"]
[SourceQuality "1"]
[WhiteTeam "Eichlinghofen SV"]
[BlackTeam "Gladbeck SG II"]
[WhiteTeamCountry "GER"]
[BlackTeamCountry "GER"]

1. d4 d5 2. Nf3 Nf6 3. c4 c6 4. g3 e6 5. Bg2 Bd6 6. Nc3 Nbd7 7. 0-0 h6 8. b3 0-0 9. Bb2 Re8 10. Rc1 dxc4 11. bxc4 e5 12. d5 c5 13. Nd2 a6 14. e4 Qc7 15. Ne2 b5 16. h3 Rb8 17. Qc2 Nb6 18. Rb1 Bd7 19. f4 Nxc4 20. Nxc4 bxc4 21. f5 Rb7 22. Bc3 Reb8 23. Rxb7 Qxb7 24. g4 Nh7 25. Qd2 f6 26. Kh2 Be8 27. Ng1 Qe7 1/2-1/2

[Event "Ruhrgebiet Verbandsklasse Gruppe 3 1415"]
[Site "Germany"]
[Date "2015.03.29"]
[Round "8.8"]
[White "Dreier, Daniel"]
[Black "Schaller, Kai"]
[Result "1/2-1/2"]
[WhiteElo "1885"]
[BlackElo "1497"]
[PlyCount "62"]
[EventDate "2014.09.21"]
[EventType "team-tourn"]
[EventRounds "9"]
[EventCountry "GER"]
[SourceTitle "EXT 2022"]
[Source "ChessBase"]
[SourceDate "2021.10.06"]
[SourceVersion "1"]
[SourceVersionDate "2021.10.06"]
[SourceQuality "1"]
[WhiteTeam "Eichlinghofen SV"]
[BlackTeam "Welper SV II"]
[WhiteTeamCountry "GER"]
[BlackTeamCountry "GER"]

1. d4 d5 2. Nf3 Nf6 3. c4 c6 4. g3 Bf5 5. Bg2 h6 6. 0-0 e6 7. Nc3 Nbd7 8. Bf4 Be7 9. Qb3 Qb6 10. Nd2 0-0 11. e4 dxe4 12. Ndxe4 Nxe4 13. Nxe4 Nf6 14. Qxb6 axb6 15. Nd6 Bxd6 16. Bxd6 Rfd8 17. c5 bxc5 18. dxc5 Ne4 19. Bxe4 Bxe4 20. a3 Bd5 21. Rad1 Ra4 22. f4 Rc4 23. Rd2 Be4 24. Kf2 Rxc5 25. Bxc5 Rxd2+ 26. Ke3 Rc2 27. Bd4 Bd5 28. Rf2 Rxf2 29. Kxf2 g6 30. Bb6 Kf8 31. Ke3 Ke7 1/2-1/2

[Event "Ruhrgebiet Verbandsklasse Gruppe 3 1415"]
[Site "Germany"]
[Date "2014.10.19"]
[Round "2.7"]
[White "Dreier, Daniel"]
[Black "Schuetz, Ralf"]
[Result "1-0"]
[WhiteElo "1885"]
[BlackElo "1783"]
[PlyCount "69"]
[EventDate "2014.09.21"]
[EventType "team-tourn"]
[EventRounds "9"]
[EventCountry "GER"]
[SourceTitle "EXT 2022"]
[Source "ChessBase"]
[SourceDate "2021.10.06"]
[SourceVersion "1"]
[SourceVersionDate "2021.10.06"]
[SourceQuality "1"]
[WhiteTeam "Eichlinghofen SV"]
[BlackTeam "Boenen SV"]
[WhiteTeamCountry "GER"]
[BlackTeamCountry "GER"]

1. d4 Nf6 2. Nf3 e6 3. c4 d5 4. g3 dxc4 5. Bg2 Nc6 6. 0-0 a6 7. Nc3 Bb4 8. Bg5 0-0 9. e4 Bxc3 10. bxc3 h6 11. Bxf6 Qxf6 12. e5 Qd8 13. Nd2 Ne7 14. Nxc4 Nd5 15. Qc2 Rb8 16. Rfd1 c6 17. Nd6 b5 18. Rac1 Bd7 19. Qe2 Nb6 20. Ne4 Nc4 21. Rd3 Be8 22. g4 Qe7 23. Rh3 f5 24. exf6 gxf6 25. Rxh6 Qg7 26. Rh3 Rb6 27. g5 f5 28. Nf6+ Rxf6 29. gxf6 Qxf6 30. Re1 Bf7 31. Qf3 Kf8 32. Qf4 Rb7 33. Rh6 Qg7 34. Qh4 Re7 35. Kh1 1-0

[Event "NRW Verbandsklasse Group3 1314"]
[Site "Nordrheinwestfalen"]
[Date "2014.04.06"]
[Round "9.8"]
[White "Galle, Wolfgang"]
[Black "Dreier, Daniel"]
[Result "1/2-1/2"]
[WhiteElo "1832"]
[BlackElo "1896"]
[PlyCount "61"]
[EventDate "2013.09.08"]
[EventType "team-tourn"]
[EventRounds "9"]
[EventCountry "GER"]
[SourceTitle "EXT 2020"]
[Source "ChessBase"]
[SourceDate "2019.10.17"]
[SourceVersion "1"]
[SourceVersionDate "2019.10.17"]
[SourceQuality "1"]
[WhiteTeam "Muelheim SC"]
[BlackTeam "Eichlinghofen SV"]
[WhiteTeamCountry "GER"]
[BlackTeamCountry "GER"]

1. f4 g6 2. e3 Bg7 3. Nf3 d6 4. Be2 Nf6 5. 0-0 0-0 6. Qe1 Nc6 7. a3 Bd7 8. Nc3 e5 9. fxe5 dxe5 10. e4 Nd4 11. Bd1 Bg4 12. Qh4 Bxf3 13. gxf3 Qd7 14. d3 Nh5 15. f4 Nxf4 16. Bxf4 exf4 17. Rxf4 Ne6 18. Rf1 Qd4+ 19. Kh1 c6 20. Bg4 Qe5 21. Rae1 Nd4 22. Bd1 b5 23. Qg3 Rae8 24. Qxe5 Rxe5 25. Rf2 Bh6 26. Bg4 f5 27. Bh3 g5 28. Rg1 f4 29. Nd1 c5 30. c3 Ne6 31. Bf5 1/2-1/2

[Event "NRW Verbandsklasse Group3 1314"]
[Site "Nordrheinwestfalen"]
[Date "2013.12.15"]
[Round "5.8"]
[White "Dreier, Daniel"]
[Black "Grundmann, Wolfgang"]
[Result "1-0"]
[WhiteElo "1896"]
[BlackElo "1706"]
[PlyCount "73"]
[EventDate "2013.09.08"]
[EventType "team-tourn"]
[EventRounds "9"]
[EventCountry "GER"]
[SourceTitle "EXT 2020"]
[Source "ChessBase"]
[SourceDate "2019.10.17"]
[SourceVersion "1"]
[SourceVersionDate "2019.10.17"]
[SourceQuality "1"]
[WhiteTeam "Eichlinghofen SV"]
[BlackTeam "Kamen SV II"]
[WhiteTeamCountry "GER"]
[BlackTeamCountry "GER"]

1. d4 d5 2. Nf3 Nf6 3. c4 e6 4. Nc3 Be7 5. g3 0-0 6. Bg2 c5 7. cxd5 Nxd5 8. 0-0 cxd4 9. Nxd5 Qxd5 10. Nxd4 Qd7 11. Be3 Bf6 12. Qd2 Rd8 13. Rfd1 Qa4 14. b3 Qe8 15. Qc2 a5 16. Rac1 Na6 17. Nf3 Rxd1+ 18. Rxd1 Nb4 19. Qd2 Nd5 20. Bd4 Bd7 21. e4 Bxd4 22. Qxd4 Nf6 23. e5 Nd5 24. Ng5 Bc6 25. Ne4 Qe7 26. Nc3 Rd8 27. Nxd5 exd5 28. f4 g6 29. Rd2 Qa3 30. g4 Qe7 31. f5 Qh4 32. Qf4 Qe1+ 33. Bf1 Bb5 34. Rf2 d4 35. fxg6 Rd7 36. gxf7+ Kf8 37. Qh6+ 1-0

[Event "Ruhrgebiet VK1 1112"]
[Site "Nordrheinwestfalen"]
[Date "2012.03.25"]
[Round "8"]
[White "Ball, Joerg"]
[Black "Dreier, Daniel"]
[Result "1-0"]
[WhiteElo "1889"]
[BlackElo "1903"]
[PlyCount "61"]
[EventDate "2012.09.18"]
[EventType "team-tourn"]
[EventRounds "9"]
[EventCountry "GER"]
[SourceTitle "EXT 2020"]
[Source "ChessBase"]
[SourceDate "2019.10.17"]
[SourceVersion "1"]
[SourceVersionDate "2019.10.17"]
[SourceQuality "1"]
[WhiteTeam "Listiger Bauer Essen"]
[BlackTeam "Eichlinghofen SV"]
[WhiteTeamCountry "GER"]
[BlackTeamCountry "GER"]

1. e4 e6 2. d4 d5 3. Nc3 dxe4 4. Nxe4 Nf6 5. Bg5 Be7 6. Bxf6 Bxf6 7. Nf3 Nd7 8. Bd3 c5 9. Nd6+ Ke7 10. Ne4 cxd4 11. Nxf6 Nxf6 12. 0-0 Qb6 13. Qe2 Rd8 14. Ne5 Qc5 15. Rae1 Bd7 16. f4 Kf8 17. Rf3 Nd5 18. Bxh7 d3+ 19. Qf2 Qxf2+ 20. Kxf2 dxc2 21. Bxc2 Rac8 22. Bb3 Bc6 23. f5 Nb4 24. Nxc6 Rxc6 25. fxe6 Nd3+ 26. Rxd3 Rxd3 27. e7+ Ke8 28. Bxf7+ Kxf7 29. e8Q+ Kf6 30. Qe7+ Kf5 31. Qe4+ 1-0

[Event "Ruhrgebiet VK2 0910"]
[Site "Ruhrgebiet"]
[Date "2010.01.10"]
[Round "5.4"]
[White "Dreier, Daniel"]
[Black "Kueper, Peter"]
[Result "0-1"]
[WhiteElo "1752"]
[BlackElo "1909"]
[PlyCount "78"]
[EventDate "2009.09.06"]
[EventType "team"]
[EventRounds "9"]
[EventCountry "GER"]
[SourceTitle "EXT 2011"]
[Source "ChessBase"]
[SourceDate "2010.11.26"]
[SourceVersion "1"]
[SourceVersionDate "2010.11.26"]
[SourceQuality "1"]
[WhiteTeam "Eichlinghofen SV II"]
[BlackTeam "Kirchhellen SF"]
[WhiteTeamCountry "GER"]
[BlackTeamCountry "GER"]

1. d4 d5 2. c4 e6 3. Nc3 Nf6 4. Nf3 Be7 5. g3 c6 6. Bg2 0-0 7. 0-0 Nbd7 8. cxd5 cxd5 9. Qb3 Qb6 10. Qc2 Nb8 11. Rd1 Bd7 12. Ne5 Rd8 13. e4 Be8 14. Be3 Nc6 15. Nxc6 Bxc6 16. e5 Ne8 17. f4 f5 18. Qe2 Nc7 19. g4 g6 20. Bf2 Rac8 21. Rab1 Bb5 22. Nxb5 Nxb5 23. gxf5 gxf5 24. Rd3 Kh8 25. Rbd1 Rg8 26. Rb3 a6 27. Qh5 Qc6 28. a4 Na7 29. Kh1 Qc2 30. Qf3 b5 31. axb5 Nxb5 32. Ra1 Rc6 33. Bf1 Rb8 34. Bxb5 axb5 35. Ra7 Rc7 36. Rc3 Qb1+ 37. Bg1 Rxa7 38. Qh5 Qe4+ 39. Rf3 Rg8 0-1

[Event "Ruhrgebiet VK2 0910"]
[Site "Ruhrgebiet"]
[Date "2009.11.08"]
[Round "3.3"]
[White "Berg, Dietmar2"]
[Black "Dreier, Daniel"]
[Result "1-0"]
[WhiteElo "2085"]
[BlackElo "1752"]
[PlyCount "85"]
[EventDate "2009.09.06"]
[EventType "team"]
[EventRounds "9"]
[EventCountry "GER"]
[SourceTitle "EXT 2011"]
[Source "ChessBase"]
[SourceDate "2010.11.26"]
[SourceVersion "1"]
[SourceVersionDate "2010.11.26"]
[SourceQuality "1"]
[WhiteTeam "Unser Fritz"]
[BlackTeam "Eichlinghofen SV II"]
[WhiteTeamCountry "GER"]
[BlackTeamCountry "GER"]

1. e4 e6 2. d4 d5 3. Nd2 dxe4 4. Nxe4 Nf6 5. Bd3 Be7 6. Nf3 Nbd7 7. 0-0 b6 8. Qe2 Bb7 9. Neg5 0-0 10. Ne5 c5 11. c3 Rc8 12. Re1 cxd4 13. cxd4 Bd5 14. Bf4 h6 15. Nexf7 Rxf7 16. Nxe6 Bxe6 17. Qxe6 Nf8 18. Qb3 Nd5 19. Bg3 Kh8 20. Bc4 Rf5 21. Bxd5 Rxd5 22. Rxe7 Rxd4 23. Ree1 Rd2 24. Bf4 Rdc2 25. Be5 Qg5 26. Qf7 R2c5 27. h4 Qg6 28. Qxa7 h5 29. Bd4 R5c6 30. Bc3 Ne6 31. Re5 Qg4 32. Rg5 R8c7 33. Rxg4 Rxa7 34. Re4 Rd7 35. Rae1 Nc5 36. Re8+ Kh7 37. R1e5 Kg6 38. Rh8 Rd1+ 39. Kh2 Nd3 40. Rg5+ Kf7 41. Rxg7+ Ke6 42. Rh6+ Kd5 43. Rg5+ 1-0